00589 2200193 4500245006400000020002200064250001100086100001100097700002600108700002500134650002100159650002600180005001900206260007600225041001400301084000800315300002800323500004400351 aWa Ambe te Yikane b : Wa Ambe dan Ikan-IkancZulyahhText a978-623-112-361-9 aCet. 1 aZulyah aDarsal Zulfakar Dafid aMuhammad Fahri Asmin aCerita Bergambar aCerita Anak Dwibahasa a20241002093040 aJakartabKementerian Pendidikan, Kebudayaan, Riset, dan Teknologic2023 aIndonesia a741 a24 hlm :c14,8 × 21 cm aCerita Anak Dwibahasa Sulawesi Tenggara